[Event "Stay Safe Play From Home 205"]
[Site "T#646634Emanuel Laske"]
[Date "2020.06.07"]
[Round "1"]
[White "Mepe_Nika"]
[Black "EL sanbary"]
[Result "1-0"]
[WhiteElo "2331"]
[BlackElo "1895"]
[Annotator "TA"]
[PlyCount "51"]
[EventDate "2020.06.07"]
[EventType "swiss (blitz)"]

{[%evp 16,51,15,15,51,61,78,91,187,122,278,135,1248,515,1650,1685,1521,1109,1392,1104,1029,791,760,578,598,583,589,597,727,573,727,720,29989,29990,29998,29984,29978,12431]} 1. d4 d5 2. Bf4 e6 3. e3 Nf6 4. c4 Be7 5. Nc3 O-O 6. Nf3 b6 7. cxd5 Nxd5 8. Nxd5 exd5 9. Bd3 {[#]} g6 $146 {D37: Queen's Gambit Declined: 5 Bf4.} ({Predecessor:} 9... c5 10. b3 Nc6 11. O-O Be6 12. Rc1 a5 13. h3 g6 14. Bb5 Qc8 15. dxc5 bxc5 16. Nd4 Nxd4 17. exd4 Qb7 {1-0 (55) Ding,L (2805)-Carlsen,M (2882) Saint Louis 2019}) 10. h4 Bf6 11. h5 Bg7 (11... g5 $16 {is a better defense.}) 12. Ne5 (12. hxg6 $18 fxg6 13. Kf1) 12... c5 $2 (12... g5 $16) 13. Qf3 (13. hxg6 $18 {and the rest is easy.} hxg6 14. Qf3) 13... Bb7 $2 {[%mdl 8192]} (13... g5 $16) 14. Qh3 (14. hxg6 $142 {Threatening mate with Qh5.} hxg6 15. Qh3) 14... Re8 (14... Bc8 $142) 15. hxg6 $18 hxg6 16. Qh7+ Kf8 17. Bh6 {[#] White wants to mate with Nxg6+!} Qf6 18. Qh8+ Ke7 19. Qxg7 Qxg7 20. Bxg7 Nc6 21. Rh7 Nxe5 22. Bxe5 c4 23. Bxg6 Ke6 24. Bxf7+ {[%mdl 64] [#] Double Attack. White mates.} Kf5 25. Bxe8 Rxe8 26. Rxb7 {White took control after the opening. Accuracy: White = 35%, Black = 13%.} 1-0

[Event "Stay Safe Play From Home 205"]
[Site "T#646634Emanuel Laske"]
[Date "2020.06.07"]
[Round "1"]
[White "Little champs"]
[Black "Trotsky"]
[Result "1-0"]
[WhiteElo "2243"]
[BlackElo "1597"]
[Annotator "TA"]
[PlyCount "39"]
[EventDate "2020.06.07"]
[EventType "swiss (blitz)"]

{[%evp 14,39,-16,-18,0,-44,-15,-14,-17,-20,57,0,0,0,43,0,59,0,289,64,999,1008,29991,1077,1075,1057,29991,29992]} 1. d4 d5 2. e3 e6 3. c4 c5 4. Nc3 Nf6 5. dxc5 Bxc5 6. cxd5 exd5 7. Bb5+ Nc6 8. Nf3 Be6 {[#] D32: Tarrasch Defence: Sidelines and lines without g3.} 9. Ng5 $146 ({Predecessor:} 9. O-O O-O 10. Qc2 Nb4 11. Qb3 Na6 12. Bxa6 bxa6 13. Qc2 Rc8 14. Rd1 Ne4 15. Nxe4 Bxe3 16. Qe2 Bxc1 {0-1 (38) Pimenov,D (1620)-Matthes,B (1658) Playchess.com INT 2020}) 9... Qc7 10. Nxe6 fxe6 {The position is equal.} 11. O-O O-O-O (11... O-O $11) 12. Qa4 ({White should try} 12. Bd2 $14) 12... h5 13. Bxc6 bxc6 14. b4 Bd6 (14... Ng4 $11 15. g3 Bb6 16. Qa6+ Kb8) 15. b5 (15. Bb2 $14) 15... Ng4 $2 {[%mdl 8192] [#]} (15... Bxh2+ $11 16. Kh1 c5) 16. f4 $2 (16. bxc6 $18 Bb4 17. Qa6+ Kb8 18. g3 (18. Qb5+ Ka8 $16)) 16... g5 $2 {[%mdl 8192] This costs Black the game.} (16... c5 $14) 17. bxc6 $18 gxf4 18. Nb5 (18. Qa6+ $142 Kb8 19. Rb1+ Ka8 20. Rb7 {[%mdl 64] Double Attack} Qb8 21. Nb5 Rd7 22. Rxd7 Rh7 23. Rxh7 Bc7 24. Nxc7+ Qxc7 25. Rxc7 fxe3 26. Qxa7#) 18... Qb6 19. Rb1 Qxc6 20. Nxa7+ {[%mdl 64] Double Attack. Accuracy: White = 40%, Black = 17%.} 1-0

[Event "Stay Safe Play From Home 205"]
[Site "T#646634Emanuel Laske"]
[Date "2020.06.07"]
[Round "1"]
[White "Lazieri3"]
[Black "Haris kollari 13"]
[Result "1-0"]
[WhiteElo "1994"]
[BlackElo "1623"]
[Annotator "NA RC"]
[PlyCount "79"]
[EventDate "2020.06.07"]
[EventType "swiss (blitz)"]

1. e4 {[%emt 0:00:01]} e6 {[%emt 0:00:00]} 2. Nc3 {[%emt 0:00:00]} d5 {[%emt 0:00:00]} 3. exd5 {[%emt 0:00:02]} exd5 {[%emt 0:00:00]} 4. d4 {[%emt 0:00:00]} c6 {[%emt 0:00:01]} 5. Nf3 {[%emt 0:00:00]} Bg4 {[%emt 0:00:00]} 6. Bf4 {[%emt 0:00:01]} Bb4 {[%emt 0:00:01]} 7. Be2 {[%emt 0:00:01]} Nf6 {[%emt 0:00:01]} 8. Ne5 {[%emt 0:00:01]} Bxe2 {[%emt 0:00:02]} 9. Qxe2 {[%emt 0:00:00]} O-O {[%emt 0:00:01]} 10. O-O-O {[%emt 0:00:01]} Re8 {[%emt 0:00:01]} 11. Qf3 {[%emt 0:00:02]} Nbd7 {[%emt 0:00:02]} 12. Nxd7 {[%emt 0:00:01]} Qxd7 {[%emt 0:00:01]} 13. a3 {[%emt 0:00:01]} Bxc3 {[%emt 0:00:02]} 14. Qxc3 {[%emt 0:00:00]} Ne4 {[%emt 0:00:01]} 15. Qf3 {[%emt 0:00:02]} Qf5 {[%emt 0:00:02]} 16. g4 {[%emt 0:00:06]} Qf6 {[%emt 0:00:02]} 17. Rhe1 {[%emt 0:00:09]} g5 {[%emt 0:00:02]} 18. Rxe4 {[%emt 0:00:03]} dxe4 {[%emt 0:00:01]} 19. Qh3 {[%emt 0:00:04]} Qxf4+ {[%emt 0:00:01]} 20. Kb1 {[%emt 0:00:01]} Qxf2 {[%emt 0:00:01]} 21. Qh5 {[%emt 0:00:01]} Qf4 {[%emt 0:00:02]} 22. h4 {[%emt 0:00:02]} Re6 {[%emt 0:00:02]} 23. hxg5 {[%emt 0:00:02]} Rg6 {[%emt 0:00:02]} 24. Rh1 {[%emt 0:00:01]} h6 {[%emt 0:00:04]} 25. gxh6 {[%emt 0:00:02]} Kh7 {[%emt 0:00:01]} 26. g5 {[%emt 0:00:02]} Qxg5 {[%emt 0:00:01]} 27. Qe2 {[%emt 0:00:04]} f5 {[%emt 0:00:02]} 28. d5 {[%emt 0:00:02]} cxd5 {[%emt 0:00:02]} 29. Qb5 {[%emt 0:00:00]} Qe7 {[%emt 0:00:08]} 30. Qxd5 {[%emt 0:00:02]} Rf8 {[%emt 0:00:01]} 31. a4 {[%emt 0:00:01]} Rxh6 {[%emt 0:00:01]} 32. Rg1 {[%emt 0:00:02]} Rd6 {[%emt 0:00:01]} 33. Qc4 {[%emt 0:00:01]} Qd7 {[%emt 0:00:01]} 34. b3 {[%emt 0:00:01]} Rd1+ {[%emt 0:00:01]} 35. Rxd1 {[%emt 0:00:00]} Qxd1+ {[%emt 0:00:01]} 36. Kb2 {[%emt 0:00:00]} Rf6 {[%emt 0:00:01]} 37. Qc3 {[%emt 0:00:00]} Qd6 {[%emt 0:00:02]} 38. Qh3+ {[%emt 0:00:00]} Kg7 {[%emt 0:00:03]} 39. Qg2+ {[%emt 0:00:00]} Kf7 {[%emt 0:00:00]} 40. Ka2 {[%emt 0:00:00] (Lag: Av=0.50s, max=0.8s)} 1-0

[Event "Stay Safe Play From Home 205"]
[Site "T#646634Emanuel Laske"]
[Date "2020.06.07"]
[Round "1"]
[White "Sfantul321"]
[Black "Justwatch"]
[Result "1-0"]
[WhiteElo "1948"]
[BlackElo "1771"]
[Annotator "NA RC"]
[PlyCount "67"]
[EventDate "2020.06.07"]
[EventType "swiss (blitz)"]

1. c4 {[%emt 0:00:01]} Nf6 {[%emt 0:00:00]} 2. Nc3 {[%emt 0:00:00]} g6 {[%emt 0:00:00]} 3. g3 {[%emt 0:00:01]} Bg7 {[%emt 0:00:01]} 4. Bg2 {[%emt 0:00:00]} O-O {[%emt 0:00:01]} 5. e3 {[%emt 0:00:00]} d6 {[%emt 0:00:00]} 6. Nge2 {[%emt 0:00:00]} Nc6 {[%emt 0:00:01]} 7. O-O {[%emt 0:00:00]} Bg4 {[%emt 0:00:01]} 8. h3 {[%emt 0:00:01]} Bxe2 {[%emt 0:00:00]} 9. Qxe2 {[%emt 0:00:01]} Qc8 {[%emt 0:00:00]} 10. d4 {[%emt 0:00:01]} a6 {[%emt 0:00:02]} 11. Rb1 {[%emt 0:00:01]} Nd8 {[%emt 0:00:01]} 12. b4 {[%emt 0:00:01]} e6 {[%emt 0:00:00]} 13. c5 {[%emt 0:00:01]} d5 {[%emt 0:00:01]} 14. e4 {[%emt 0:00:02]} c6 {[%emt 0:00:00]} 15. e5 {[%emt 0:00:01]} Nd7 {[%emt 0:00:01]} 16. f4 {[%emt 0:00:00]} b6 {[%emt 0:00:01]} 17. Be3 {[%emt 0:00:02]} b5 {[%emt 0:00:01]} 18. Kh2 {[%emt 0:00:01]} a5 {[%emt 0:00:00]} 19. a3 {[%emt 0:00:01]} axb4 {[%emt 0:00:00]} 20. axb4 {[%emt 0:00:01]} Ra3 {[%emt 0:00:00]} 21. Rfc1 {[%emt 0:00:01]} Nb7 {[%emt 0:00:01]} 22. Nd1 {[%emt 0:00:01]} Qa8 {[%emt 0:00:01]} 23. Nf2 {[%emt 0:00:01]} Ra2 {[%emt 0:00:01]} 24. Qf3 {[%emt 0:00:00]} Qa3 {[%emt 0:00:02]} 25. g4 {[%emt 0:00:03]} Rb2 {[%emt 0:00:03]} 26. Rxb2 {[%emt 0:00:02]} Qxb2 {[%emt 0:00:01]} 27. f5 {[%emt 0:00:01]} gxf5 {[%emt 0:00:01]} 28. gxf5 {[%emt 0:00:01]} exf5 {[%emt 0:00:00]} 29. Qxf5 {[%emt 0:00:02]} Nb8 {[%emt 0:00:05]} 30. Ng4 {[%emt 0:00:01]} Qxb4 {[%emt 0:00:02]} 31. Bh6 {[%emt 0:00:03]} Bxh6 {[%emt 0:00:01]} 32. Nxh6+ {[%emt 0:00:01]} Kg7 {[%emt 0:00:00]} 33. Qg5+ {[%emt 0:00:01]} Kh8 {[%emt 0:00:02]} 34. Qf6# {[%emt 0:00:01] (Lag: Av=0.30s, max=0.6s)} 1-0

[Event "Stay Safe Play From Home 205"]
[Site "T#646634Emanuel Laske"]
[Date "2020.06.07"]
[Round "1"]
[White "Chase the sun"]
[Black "Rogan"]
[Result "0-1"]
[WhiteElo "1777"]
[BlackElo "2142"]
[Annotator "TA"]
[PlyCount "52"]
[EventDate "2020.06.07"]
[EventType "swiss (blitz)"]

{[%evp 10,52,12,11,29,0,20,5,41,20,49,18,24,0,38,-3,36,29,32,32,64,38,86,4,18,10,108,93,133,16,12,14,35,26,50,50,175,167,156,158,151,109,120,61,115]} 1. e4 d5 2. exd5 Nf6 3. Nc3 Nxd5 4. Qf3 c6 5. Bc4 e6 6. Nge2 Qf6 {B02: Alekhine's Defence: Chase Variation and lines with early Nc3.} 7. Qxf6 gxf6 {[#]} (7... Nxf6 {seems wilder.} 8. d4 Be7 9. f3 O-O 10. O-O Nbd7) 8. d3 $146 ({Predecessor:} 8. d4 Bd7 9. Bd2 b5 10. Bb3 Rg8 11. Ne4 Be7 12. O-O Na6 13. c4 Nb6 14. cxb5 cxb5 {0-1 (68) Sturz,O (2044)-Bobanac,M (2304) Pardubice 2007}) 8... Bb4 {The position is equal.} 9. Bd2 (9. f3 {is more complex.} Be7 10. d4 Nxc3 11. bxc3 b6 12. Bd3) 9... Nxc3 10. Bxc3 (10. bxc3 {is interesting.} Bd6 11. O-O Rg8 12. a4 b6 13. Rfe1) 10... Bxc3+ 11. Nxc3 Nd7 (11... b5 $5 12. Bb3 $8 Nd7 $11) 12. O-O-O Ne5 (12... b5 $5 13. Bb3 $8 Rg8 $11) 13. Bb3 a5 14. a4 Bd7 15. h3 b5 16. f4 (16. d4 $16 Ng6 17. Ne4) 16... Ng6 $11 17. f5 Nf4 (17... exf5 $11 {keeps the balance.} 18. axb5 cxb5) 18. g3 Nd5 19. Rde1 (19. Bxd5 $1 $16 {Strongly threatening Bf3.} cxd5 20. Rde1 (20. Nxb5 Ke7 $14) (20. axb5 d4 $16)) 19... Nxc3 20. bxc3 {[%cal Rf5e6]} e5 21. d4 $36 {[%mdl 2048] White is more active.} O-O-O 22. dxe5 Bxf5 (22... fxe5 $14 23. Rxe5 Rhe8 24. Rxe8 Rxe8) 23. Bxf7 fxe5 24. Rxe5 Bg6 25. Be6+ Kc7 26. Rhe1 (26. axb5 $16 cxb5 27. Rxb5) 26... Rhe8 {[%mdl 32768] Accuracy: White = 45%, Black = 42%. . Loss on time!?} ({Better is} 26... Rde8 $14) 0-1

[Event "Stay Safe Play From Home 205"]
[Site "T#646634Emanuel Laske"]
[Date "2020.06.07"]
[Round "1"]
[White "Edmatuag"]
[Black "SoulofWolf"]
[Result "0-1"]
[WhiteElo "1725"]
[BlackElo "2216"]
[Annotator "TA"]
[PlyCount "74"]
[EventDate "2020.06.07"]
[EventType "swiss (blitz)"]

{[%evp 9,74,-25,31,20,41,8,14,2,35,20,17,2,64,58,72,-10,37,50,90,51,47,-346,143,87,114,26,13,23,32,49,39,0,260,-130,138,0,130,0,0,-12,0,0,364,-10,131,131,248,0,113,14,354,331,793,237,317,-318,-351,-441,-363,-447,-446,-504,-490,-524,-518,-500,-238]} 1. f3 e6 2. e4 c5 3. d3 {[#]} Ne7 $146 ({Predecessor:} 3... Nf6 4. Nc3 d5 5. exd5 Nxd5 6. Nxd5 Qxd5 7. c4 Qe5+ 8. Be2 Be7 9. Nh3 O-O {0-1 (41) Guetter,E (684)-Hertzschuch,A (838) Sebnitz 2011}) 4. Be3 Ng6 5. Ne2 b6 (5... d5 $11) 6. d4 {A00: Irregular Openings.} Bb7 7. c4 cxd4 8. Nxd4 {The position is equal.} Be7 9. Be2 O-O 10. Nc3 f5 (10... Nc6 $11) 11. exf5 $14 exf5 12. b3 ({White should try} 12. O-O $16) 12... f4 13. Bf2 Bf6 14. O-O Nc6 15. Nf5 $2 {[%mdl 8192]} (15. Rc1 $14 {stays ahead.}) 15... Qc7 $2 (15... Bxc3 $19 16. Rc1 Rxf5 17. Rxc3 Nce5) 16. Nd5 ({Better is} 16. Nb5 Qe5 17. Nbd6) 16... Qe5 $16 {[%mdl 64] Double Attack} 17. Nxf6+ (17. Qc2 $1 $16) 17... Rxf6 $11 18. Nd4 Re8 19. Re1 Qg5 {Hoping for ...Rd6.} 20. Nb5 {aiming for Nd6.} Ree6 $2 {[%mdl 8192]} (20... Nce5 $11) 21. Kf1 $2 (21. Qxd7 $18 Re7 22. Qd5+ Qxd5 23. cxd5) 21... Nf8 $2 {[%mdl 8192]} (21... Nce5 $17 {and life is bright. Threatens to win with ...Nh4.} 22. Nc7 Nh4 $1 {[%mdl 512]} 23. Bxh4 Qxh4) 22. Nc7 (22. h4 $16 Qh5 23. c5 $1 {[%mdl 512]}) 22... Rd6 (22... Rg6 $11 23. g4 Rd6) 23. Nd5 (23. h4 $16 Rxd1 24. hxg5 Rxa1 25. Rxa1) 23... Rg6 $1 {[%csl Gg6][%cal Rg5g2]} 24. g4 fxg3 $40 {[%mdl 128] White needs to defend precisely.} 25. Bxg3 {Strongly threatening Bd3.} ({Reject} 25. hxg3 Nb4 $17) 25... Ne5 $2 {[%mdl 8192]} (25... Qh5 $11 {and Black has nothing to worry.}) 26. Qc1 $2 ({White has to play} 26. f4 $18 Rdf6 27. Bf3 Rxf4 28. Rxe5 (28. Bxf4 Qg1+ 29. Ke2 Rg2+ 30. Bxg2 Qxg2+ 31. Ke3 Ng4+ 32. Kd4 Qb2+ 33. Nc3 Qf2+ 34. Kd3 Qxf4 $16) (28. Nxf4 Nxf3 29. Re3 Rf6 $11) 28... Qxe5 29. Bxf4) 26... Qxc1 (26... Qh5 $11 27. Qe3 Qh3+ 28. Kf2 Rxg3 $1 {[%mdl 512]} 29. hxg3 Bxd5 30. cxd5 Qh2+ 31. Kf1 Qxg3) 27. Raxc1 $16 Rge6 (27... Bxd5 $16 28. Bxe5 (28. cxd5 Rg5 $16) 28... Rde6) 28. Nf4 $2 (28. Rcd1 $18) 28... Re8 {[#]} (28... Rf6 $11) 29. Rcd1 (29. c5 $1 $16 {[%cal Rc5d6]} Rf6 30. Bc4+ Kh8 31. Bd5) 29... Rde6 $2 {[%mdl 8192]} (29... Rf6 $11 {and Black is okay.}) 30. Nxe6 $18 dxe6 $2 (30... Rxe6 31. Kf2 Bc6) 31. Rd6 $2 (31. Bxe5 Ng6 32. Bc3) 31... Nf7 32. Rd7 $4 {[%mdl 8192]} (32. Rd3 $18 {and all is fine.}) 32... Nxd7 $19 33. Bd3 e5 34. Be4 Bxe4 {Black is clearly winning.} 35. fxe4 Nc5 36. Kg2 Ng5 37. Bh4 Ngxe4 {Accuracy: White = 18%, Black = 29%.} (37... Nge6 $142 38. Rd1 Rf8) 0-1

[Event "Stay Safe Play From Home 205"]
[Site "T#646634Emanuel Laske"]
[Date "2020.06.07"]
[Round "1"]
[White "Möwe"]
[Black "Haxhi Baha"]
[Result "0-1"]
[WhiteElo "1485"]
[BlackElo "2037"]
[Annotator "TA"]
[PlyCount "58"]
[EventDate "2020.06.07"]
[EventType "swiss (blitz)"]

{[%evp 9,58,-134,-145,-139,-122,-127,-119,-137,-115,-128,-118,-152,-150,-143,-148,-154,-157,-250,-162,-245,-178,-208,-145,-214,-195,-212,-206,-212,-199,-257,-106,-95,-103,-117,-25,-209,-35,-135,-141,-132,-50,-610,-599,-554,-529,-1254,-1199,-1135,-813,-783,-794]} 1. e4 e6 2. Nf3 d5 3. d4 dxe4 4. Ng5 Nf6 {[#]} 5. Be3 $146 ({Predecessor:} 5. Nc3 Bb4 6. a3 Bxc3+ 7. bxc3 h6 8. Nh3 b6 9. Bb5+ c6 10. Be2 Nbd7 11. Bf4 {0-1 (37) Sato,Y (1512)-Kikuchi,D (1198) Sapporo 2020}) 5... h6 6. Nh3 {C01: French: Exchange Variation.} b6 7. Nc3 Bb7 8. Nf4 {Black is better.} Be7 9. Be2 Nbd7 10. Nh5 Nxh5 11. Bxh5 O-O 12. O-O f5 13. d5 (13. g3 $17) 13... e5 14. f4 (14. Bg6 $142) 14... exf3 15. Qxf3 f4 16. Bd2 (16. Bf2 $17) 16... Nf6 $19 17. Bg6 Bc5+ 18. Kh1 Qd7 ({Resist} 18... Nxd5 19. Bd3 $17) ({Don't take} 18... Bxd5 19. Nxd5 Qxd5 20. Qe2 $17) 19. Ne4 (19. Bd3 {was called for.}) 19... Nxd5 (19... Bxd5 $19 {and Black stays clearly on top.} 20. Nxf6+ Rxf6) 20. Nxc5 $17 bxc5 21. Be4 Rab8 (21... Rad8 $17 22. Rfd1 Ba8) 22. c4 $2 (22. Rad1 $11) 22... c6 $2 (22... Nf6 $19 23. Bxb7 Qxd2) 23. cxd5 (23. Rad1 $15 Qe6 24. Bc2) 23... cxd5 24. Bc2 e4 ({Black should try} 24... d4 $17 25. Qe2 {[#]} f3 $1 {[%mdl 512]} 26. gxf3 Qg4) 25. Qh3 $2 {[%mdl 8192]} (25. Qd1 $15) 25... Qxh3 $19 {Black is clearly winning.} 26. gxh3 e3 27. Bc3 d4+ 28. Kg1 f3 {[#] And now ...f2+ would win.} 29. Bb3+ Kh8 {Accuracy: White = 31%, Black = 45%.} 0-1

[Event "Stay Safe Play From Home 205"]
[Site "T#646634Emanuel Laske"]
[Date "2020.06.07"]
[Round "1"]
[White "Mandy"]
[Black "Fischer_11"]
[Result "0-1"]
[WhiteElo "937"]
[BlackElo "2061"]
[Annotator "NA RC"]
[PlyCount "23"]
[EventDate "2020.06.07"]
[EventType "swiss (blitz)"]

1. d4 {[%emt 0:00:03]} e5 {[%emt 0:00:05]} 2. Bf4 {[%emt 0:00:00]} exf4 {[%emt 0:00:01]} 3. f3 {[%emt 0:00:04]} Nf6 {[%emt 0:00:02]} 4. Nd2 {[%emt 0:00:01]} d5 {[%emt 0:00:01]} 5. c3 {[%emt 0:00:09]} c5 {[%emt 0:00:00]} 6. e4 {[%emt 0:00:06]} Nc6 {[%emt 0:00:00]} 7. exd5 {[%emt 0:00:02]} Nxd5 {[%emt 0:00:02]} 8. Ne4 {[%emt 0:00:02]} Ne3 {[%emt 0:00:00]} 9. Qe2 {[%emt 0:00:02]} cxd4 {[%emt 0:00:00]} 10. cxd4 {[%emt 0:00:03]} Nxd4 {[%emt 0:00:00]} 11. Qf2 {[%emt 0:00:09]} Ndc2+ {[%emt 0:00:02]} 12. Ke2 {[%emt 0:00:03] Mandy gibt auf (Lag: Av=0.36s, max=0.4s)} 0-1

[Event "Stay Safe Play From Home 205"]
[Site "T#646634Emanuel Laske"]
[Date "2020.06.07"]
[Round "2"]
[White "Mepe_Nika"]
[Black "Little champs"]
[Result "1-0"]
[WhiteElo "2334"]
[BlackElo "2243"]
[Annotator "TA"]
[PlyCount "153"]
[EventDate "2020.06.07"]
[EventType "swiss (blitz)"]

{[%evp 17,152,17,84,18,18,20,31,20,25,27,36,-5,-4,0,12,12,14,0,0,0,2,-29,19,0,0,0,0,0,14,-181,121,100,107,44,127,0,0,0,0,0,146,145,333,333,320,314,306,139,144,146,155,159,160,154,144,133,235,163,278,277,265,118,276,225,251,229,432,411,388,276,276,269,269,269,483,290,815,672,520,494,1314,873,1259,1160,29981,29972,29974,29977,29988,29966,29962,29965,29950,29962,29956,29955,5009,8,8,8,8,8,29964,29963,29981,29981,29984,29985,29985,29986,29991,29989,29989,29990,29990,29991,29991,29991,29991,29992,29992,29993,29994,29994,29995,29996,29996,29997,29997,29998,29998,29997,29997,29998,29998,29999,29999]} 1. d4 c6 2. Bf4 d5 3. e3 Nf6 4. c4 g6 5. Nc3 Bg7 6. Nf3 O-O 7. cxd5 cxd5 8. Bd3 Nc6 9. h3 Bf5 (9... Nd7 $11 {keeps the balance.}) 10. O-O {D90: Grünfeld: 4 Nf3 Bg7 sidelines.} (10. Bxf5 $16 gxf5 11. g4) 10... Bxd3 $11 11. Qxd3 e6 {[#]} 12. Rac1 $146 {White is slightly better.} ({Predecessor:} 12. Qb5 Na5 13. Rfc1 a6 14. Qe2 b5 15. Rc2 Nc4 16. Nd1 Qa5 17. b3 Na3 18. Bc7 {½-½ (50) Ramme,C (2108)-Schmidt Brauns,R (2150) Hamburg 2004}) 12... Rc8 13. a3 a6 14. Ne5 Nxe5 15. Bxe5 Nd7 16. Bxg7 Kxg7 17. Rc2 Qa5 18. Rfc1 Rc4 19. Ne2 Rxc2 20. Rxc2 Nb6 21. b4 Qa4 22. Rc7 Nc4 23. Rxb7 $2 {[#]} (23. Nf4 $11 {and White has nothing to worry.} Kg8 24. e4 (24. Rxb7 Qc6 $17) 24... Qxa3 25. Qxa3 Nxa3 26. exd5 exd5 27. Rxb7) 23... Qxa3 $2 (23... Qc6 $1 $19 {[%cal Rc6b7]} 24. Ra7 Rd8) 24. Qxa3 $16 Nxa3 $11 {[%mdl 4096] Endgame KRN-KRN} 25. Ra7 (25. Nf4 $16 {Threatens to win with Nxe6+.} Re8 26. Ra7) 25... Nc2 (25... Rc8 $14) 26. Rxa6 (26. Nf4 $16 {Black must now prevent Nxe6+.} Kg8 27. Nd3 (27. Rxa6 Nxb4 28. Rb6 Na2 $14)) 26... Nxb4 27. Ra7 h6 28. Nf4 {aiming for Nxe6+.} Nc6 (28... Kg8 $11) 29. Nxe6+ $16 Kg8 $2 (29... Kf6 $16 {was necessary.}) 30. Nxf8 $18 Nxa7 {KN-KN} 31. Nd7 Nb5 32. Nc5 (32. Nf6+ $18 {is the precise move to win.} Kf8 33. Nxd5) 32... Kg7 33. Kf1 Kf6 34. Ke2 Ke7 35. Kd3 Kd6 36. f3 Na3 (36... f5 $16 37. g3 Kc6) 37. e4 dxe4+ (37... f5 {might work better.} 38. e5+ Ke7) 38. fxe4 ({Less strong is} 38. Nxe4+ Ke6 $16) 38... Nb5 39. Nb3 (39. Nb7+ $18 {has better winning chances.} Kd7 40. Kc4 Na3+ 41. Kd5) 39... Nc7 $2 (39... f5 $16 40. Nc5 fxe4+ 41. Nxe4+ (41. Kxe4 Nc3+ 42. Kd3 Nd5 $16) 41... Kc6) 40. Nd2 Ne6 {intending ...Nf4+.} 41. g3 g5 $2 (41... f6 42. Nc4+ Ke7) 42. Nc4+ Ke7 43. Ne5 f6 44. Ng4 h5 45. Ne3 Kf7 $2 (45... Nf8 {keeps fighting.} 46. Nf5+ Kf7) 46. h4 Kg6 $2 (46... Nf8 47. Nf5 Ng6) 47. d5 Nc5+ 48. Kd4 Nd7 (48... Nb3+ $142 49. Kc4 Nd2+ 50. Kd3 Nf3) 49. Nc4 gxh4 50. gxh4 f5 51. e5 f4 52. e6 Nf6 53. Ke5 f3 54. d6 f2 55. Nd2 Ng4+ 56. Kf4 Kf6 57. d7 $2 ({White must play} 57. e7 $18 Kf7 58. Kf3) 57... Ke7 $11 58. Kg5 Ne3 59. Kxh5 f1=Q $4 {[%mdl 8192] [#] White stays focused until the end.} (59... Nf5 $11) 60. Nxf1 {White mates.} Nxf1 {KN-K3P} 61. Kg6 Ng3 62. h5 Ne4 63. h6 Nf6 64. h7 Nxh7 65. Kxh7 {KP-KP} Kd8 66. Kg6 Ke7 67. Kf5 Kd8 68. Kf6 Kc7 69. Kf7 Kd6 70. e7 Ke5 71. e8=Q+ Kf4 72. d8=Q Kg3 73. Qe1+ Kg2 74. Qdd2+ Kf3 75. Qee3+ Kg4 76. Qf4+ Kh5 77. Qg5# {Accuracy: White = 57%, Black = 48%.} 1-0